• 首页
  • 本馆介绍
  • 公告通知
  • 最新文献
  • 馆藏检索
  • 电子资源
  • 读者导购
  • 参考咨询
  • 我的图书馆
  • 登录
  • 详细信息显示
  • 放入我的书架
  • 预约/预借图书
  • 作者相关作品
  • 分类相关作品
  • 丛书相关作品
  • 出版社相关作品

书目信息

  • 表格格式
  • 工作单格式
  • 卡片格式
题名:
DVD影音刻录全攻略
    
 
作者: 赫夫玛 编著
分册:  
出版信息: 北京   中国铁道出版社  2007.10
页数: 333页
开本: 26cm
丛书名:
单 册:
中图分类: TP333.4
科图分类:
主题词: 电子数字计算机
电子资源:
ISBN: 978-7-113-08227-7
000 00607nam0 2200205 450
001 0956689189
005 20091214154629.99
010    @a978-7-113-08227-7@dCNY32.00
100    @a20091214d2007 km y0chiy0120 ea
101 0  @achi
102    @aCN@b110000
200 1  @aDVD影音刻录全攻略@ADVD ying yin ke lu quan gong lue@f赫夫玛编著@Fhe fu ma bian zhu
210    @a北京@c中国铁道出版社@d2007.10
215    @a333页@d26cm
300    @a高手训练营
606 0  @a电子数字计算机
690    @aTP333.4@v4
701  0 @a赫夫玛@Ahe fu ma@4编著
801  0 @aCN@b山东省滨州职业学院图书馆@c20091214
905    @aBZT@dTP333.4@e1
    
    DVD影音刻录全攻略/赫夫玛编著.-北京:中国铁道出版社,2007.10
    333页;26cm
    高手训练营
    
    ISBN 978-7-113-08227-7:CNY32.00
    
●
相关链接 在五车中查询图书 在当当中查询图书 在豆瓣中查询图书


正题名:DVD影音刻录全攻略     索取号:TP333.4/1         预约/预借

序号 登录号 条形码 馆藏地/架位号 状态 备注
1 727234   2000727234   样本书库/样004架B面5层2列/ [索取号:TP333.4/1] 在馆    
2 727235   2000727235   中心书库中库/ 中库027架A面3列7层52/ [索取号:TP333.4/1] 在馆    
3 727236   2000727236   中心书库中库/ 中库027架A面3列7层42/ [索取号:TP333.4/1] 在馆    
4 727237   2000727237   中心书库中库/ 中库027架A面3列7层44/ [索取号:TP333.4/1] 在馆    
5 727238   2000727238   中心书库中库/ 中库027架A面3列7层51/ [索取号:TP333.4/1] 在馆    
6 727239   2000727239   中心书库中库/ 中库027架A面3列7层43/ [索取号:TP333.4/1] 在馆    
山东省滨州职业学院图书馆 欢迎您!
大连网信软件有限公司© 版权所有